Score 0/23 Timer 04:00
0 Plays Today
Mark Twain Works Missing Word % Correct
Adventures of Huckleberry ______Finn
97.8%
Personal Recollections of Joan of ______Arc
96%
The Adventures of Tom ______Sawyer
95.3%
The Turning-Point of My ______Life
91.6%
The Prince and the ______Pauper
89.4%
How to ______ a StoryTell
88.9%
______ Repeats ItselfHistory
85%
Story of the Good Little ______Boy
83.7%
A Connecticut ______ in King Arthur's CourtYankee
81.1%
The Celebrated ______ Frog of Calaveras CountyJumping
70.8%
Curing a ______Cold
68.9%
A Fine ______ ManOld
64.4%
Mark Twain Works Missing Word % Correct
Life on the ______Mississippi
57.4%
Advice to Little ______Girls
55.4%
The Tragedy of Pudd'nhead ______Wilson
41.1%
The ______ of Julius Caesar 'Localized'Killing
35.7%
The Stolen White ______Elephant
35.5%
My Boyhood ______Dreams
29.8%
A ______ CrimeNew
24.8%
The ______ AbroadInnocents
22.3%
Captain Stormfield's ______ to HeavenVisit
20.2%
______ ItRoughing
12.4%
Aurelia's ______ Young ManUnfortunate
4%

Today's Daily Dose

Remove Ads.
Support Sporcle.
Get the best of Sporcle when you Go Orange. This ad-free experience offers more features, more stats, and more fun while also helping to support Sporcle. Thank you for becoming a member.

You're not logged in!

Compare scores with friends on all Sporcle quizzes.
OR
Log In

Show Comments

Extras

Top Quizzes Today


Score Distribution

Your Account Isn't Verified!

In order to create a playlist on Sporcle, you need to verify the email address you used during registration. Go to your Sporcle Settings to finish the process.

Report this User

Report this user for behavior that violates our Community Guidelines.

Details: